[Event "Lucca op 21st"]
[Site "Lucca"]
[Date "2009.10.11"]
[Round "5"]
[White "Zucconi, Leandro"]
[Black "Frugoli, Francesco"]
[Result "1/2-1/2"]
[WhiteElo "2111"]
[BlackElo "2159"]
[PlyCount "64"]
[EventDate "2009.10.03"]
[EventType "swiss"]
[EventRounds "6"]
[EventCountry "ITA"]
[SourceTitle "EXT 2012"]
[Source "ChessBase"]
[SourceDate "2011.11.24"]
[SourceVersion "1"]
[SourceVersionDate "2011.11.24"]
[SourceQuality "1"]

1. d4 Nf6 2. Nf3 c5 3. e3 g6 4. Bd3 Bg7 5. 0-0 d6 6. b3 0-0 7. Bb2 Nc6 8. Nbd2 a6 9. c4 Nb4 10. Bb1 b5 11. a3 Nc6 12. dxc5 dxc5 13. Qe2 Qb6 14. Bc2 Bb7 15. Rfd1 Rfd8 16. Ne4 Na5 17. Nxf6+ Bxf6 18. Bxf6 Qxf6 19. Rxd8+ Rxd8 20. Rd1 Rxd1+ 21. Qxd1 Qc3 22. cxb5 Bxf3 23. gxf3 axb5 24. Kg2 c4 25. bxc4 bxc4 26. Qd8+ Kg7 27. Qxe7 Qxc2 28. Qe5+ Kf8 29. Qxa5 Qd3 30. Qc5+ Kg8 31. a4 c3 32. a5 c2 1/2-1/2

[Event "Lucca op 21st"]
[Site "Lucca"]
[Date "2009.10.04"]
[Round "2"]
[White "Tocchioni, Doriano"]
[Black "Zucconi, Leandro"]
[Result "1-0"]
[WhiteElo "2281"]
[BlackElo "2111"]
[PlyCount "75"]
[EventDate "2009.10.03"]
[EventType "swiss"]
[EventRounds "6"]
[EventCountry "ITA"]
[SourceTitle "EXT 2012"]
[Source "ChessBase"]
[SourceDate "2011.11.24"]
[SourceVersion "1"]
[SourceVersionDate "2011.11.24"]
[SourceQuality "1"]

1. d4 d5 2. Nf3 Nf6 3. g3 e6 4. Bg2 Be7 5. 0-0 0-0 6. c4 c6 7. Nbd2 Nbd7 8. b3 b6 9. Bb2 Bb7 10. Ne5 Rc8 11. a3 Qc7 12. Rc1 Qb8 13. e3 Rfd8 14. f4 c5 15. Qe2 Qa8 16. h3 dxc4 17. bxc4 Bxg2 18. Qxg2 Qxg2+ 19. Kxg2 cxd4 20. exd4 Nc5 21. Rf3 Na4 22. Ba1 b5 23. Rb3 bxc4 24. Rxc4 Rxc4 25. Ndxc4 Rc8 26. Rb7 Nd5 27. Rxa7 f6 28. Rxa4 fxe5 29. Nxe5 Rc2+ 30. Kf3 h6 31. Nc4 Rc1 32. Bb2 Rd1 33. Ra8+ Bf8 34. Ra6 Rd3+ 35. Kf2 g5 36. fxg5 hxg5 37. Rxe6 Be7 38. Re5 1-0

[Event "Lodi op 1st"]
[Site "Lodi"]
[Date "2005.06.11"]
[Round "3"]
[White "Farachi, Francesco"]
[Black "Zucconi, Leandro"]
[Result "1/2-1/2"]
[WhiteElo "2107"]
[BlackElo "2144"]
[PlyCount "106"]
[EventDate "2005.06.10"]
[EventType "swiss"]
[EventRounds "5"]
[EventCountry "ITA"]
[SourceTitle "EXT 2007"]
[Source "ChessBase"]
[SourceDate "2006.11.23"]
[SourceVersion "1"]
[SourceVersionDate "2006.11.23"]
[SourceQuality "1"]

1. e4 e6 2. d4 d5 3. Nc3 dxe4 4. Nxe4 Nd7 5. Nf3 Ngf6 6. Ng3 Be7 7. Bd3 0-0 8. 0-0 c5 9. c3 Qc7 10. Re1 Re8 11. Bd2 b6 12. Rc1 Bb7 13. b4 a5 14. bxc5 bxc5 15. Bb5 Bc6 16. Rb1 Reb8 17. a4 Bd6 18. dxc5 Nxc5 19. Nd4 Bd7 20. Qc2 Rc8 21. c4 Bf4 22. Bc3 Bd6 23. Rbd1 Be7 24. Nf3 Bxb5 25. axb5 Ncd7 26. Bxf6 Nxf6 27. Ne5 Nd5 28. Qb3 Nb6 29. Nc6 a4 30. Qa2 Bc5 31. Ne4 Bf8 32. Re3 a3 33. Red3 Qf4 34. f3 Na4 35. Kh1 Nb2 36. R3d2 Nxd1 37. Rxd1 h5 38. c5 Rd8 39. Nxd8 Rxd8 40. Rb1 Qe3 41. c6 Qd4 42. h3 Qb6 43. Qc4 Rd4 44. Qc2 Rd8 45. Ng5 g6 46. Nxe6 fxe6 47. Qxg6+ Bg7 48. Qxe6+ Kh8 49. Qf7 Qc5 50. c7 Rf8 51. Qb3 Qxc7 52. Qxa3 Qb6 53. Qa4 Qd4 1/2-1/2

[Event "Lodi op 1st"]
[Site "Lodi"]
[Date "2005.06.11"]
[Round "2"]
[White "Zucconi, Leandro"]
[Black "Pegoraro, Nicola"]
[Result "0-1"]
[WhiteElo "2144"]
[BlackElo "2082"]
[PlyCount "58"]
[EventDate "2005.06.10"]
[EventType "swiss"]
[EventRounds "5"]
[EventCountry "ITA"]
[SourceTitle "EXT 2007"]
[Source "ChessBase"]
[SourceDate "2006.11.23"]
[SourceVersion "1"]
[SourceVersionDate "2006.11.23"]
[SourceQuality "1"]

1. d4 f5 2. c4 g6 3. Nf3 Nf6 4. g3 Bg7 5. Bg2 0-0 6. Nc3 d6 7. 0-0 Nc6 8. d5 Ne5 9. Nxe5 dxe5 10. e4 f4 11. c5 g5 12. Qb3 Kh8 13. Bd2 Ne8 14. f3 h5 15. Rad1 Rf6 16. Be1 b6 17. Bf2 Rh6 18. Rfe1 Bd7 19. Kh1 Qc8 20. gxf4 gxf4 21. Rg1 Rb8 22. Qa3 bxc5 23. Bxc5 Ra6 24. Bxe7 Rxa3 25. Bxa3 Bh3 26. Rd2 Nd6 27. b3 Qd7 28. Bb2 Rg8 29. Nb1 Bf6 0-1

[Event "Lucca op 12th"]
[Site "Lucca"]
[Date "2000.10.08"]
[Round "2"]
[White "Zucconi, Leandro"]
[Black "Jurkovic, Ante"]
[Result "0-1"]
[WhiteElo "2155"]
[BlackElo "2370"]
[PlyCount "90"]
[EventDate "2000.10.07"]
[EventType "swiss"]
[EventRounds "6"]
[EventCountry "ITA"]
[SourceTitle "EXT 2002"]
[Source "ChessBase"]
[SourceDate "2001.11.25"]
[SourceVersion "1"]
[SourceVersionDate "2001.11.25"]
[SourceQuality "1"]

1. Nf3 Nf6 2. c4 g6 3. b3 Bg7 4. Bb2 c5 5. g3 d6 6. Bg2 e5 7. d3 0-0 8. 0-0 Nc6 9. Nc3 h6 10. Nd5 Nxd5 11. cxd5 Ne7 12. Nd2 b6 13. f4 Nf5 14. Nc4 b5 15. e4 Nxg3 16. hxg3 bxc4 17. dxc4 h5 18. Qd2 h4 19. gxh4 Qxh4 20. fxe5 Bh3 21. Qf4 Qxf4 22. Rxf4 Bxg2 23. Kxg2 Rae8 24. Raf1 Bxe5 25. Bxe5 Rxe5 26. Rf6 Rg5+ 27. Kf3 Rd8 28. Ke3 Rd7 29. R1f2 Kg7 30. Kd3 a5 31. a4 Rg3+ 32. R6f3 Rxf3+ 33. Rxf3 Rb7 34. Ke2 Re7 35. Kd3 Re5 36. Rg3 f6 37. Rf3 Re8 38. Rh3 g5 39. Rf3 Kg6 40. Rg3 Rh8 41. Ke3 Rh2 42. Kf3 Kh5 43. e5 fxe5 44. Ke4 Kg6 45. Rf3 Rh4+ 0-1

[Event "Cesenatico op 4th"]
[Site "Cesenatico"]
[Date "1999.??.??"]
[Round "3"]
[White "Bellincampi, Stefano"]
[Black "Zucconi, Leandro"]
[Result "1/2-1/2"]
[WhiteElo "2049"]
[BlackElo "2180"]
[PlyCount "27"]
[EventDate "1999.??.??"]
[EventType "swiss"]
[EventRounds "9"]
[EventCountry "ITA"]
[SourceTitle "EXT 2000"]
[Source "ChessBase"]
[SourceDate "1999.11.16"]
[SourceVersion "1"]
[SourceVersionDate "1999.11.16"]
[SourceQuality "1"]

1. e4 e6 2. d4 d5 3. Nd2 dxe4 4. Nxe4 Nd7 5. Nf3 Ngf6 6. Nxf6+ Nxf6 7. Bd3 Be7 8. 0-0 0-0 9. Bg5 b6 10. Qe2 Bb7 11. Rad1 Bxf3 12. Qxf3 Qd5 13. Qxd5 Nxd5 14. Bd2 1/2-1/2

[Event "Cesenatico op 4th"]
[Site "Cesenatico"]
[Date "1999.??.??"]
[Round "7"]
[White "Visser, Yge"]
[Black "Zucconi, Leandro"]
[Result "1-0"]
[WhiteElo "2412"]
[BlackElo "2180"]
[PlyCount "49"]
[EventDate "1999.??.??"]
[EventType "swiss"]
[EventRounds "9"]
[EventCountry "ITA"]
[SourceTitle "EXT 2000"]
[Source "ChessBase"]
[SourceDate "1999.11.16"]
[SourceVersion "1"]
[SourceVersionDate "1999.11.16"]
[SourceQuality "1"]

1. e4 e6 2. d3 d5 3. Nd2 Nf6 4. Ngf3 dxe4 5. dxe4 b6 6. Bb5+ c6 7. Be2 Be7 8. e5 Nd5 9. Ne4 0-0 10. a3 Nd7 11. c4 Nc7 12. Qc2 Nc5 13. Nxc5 Bxc5 14. Ng5 g6 15. Ne4 Ne8 16. Bh6 Ng7 17. Rd1 Qc7 18. Qc3 Be7 19. h4 Rd8 20. h5 Bb7 21. hxg6 Rxd1+ 22. Bxd1 fxg6 23. c5 Nf5 24. Bg5 Bxg5 25. Nxg5 1-0

[Event "ITA-chT UISP 18th"]
[Site "Montecatini Terme"]
[Date "1997.12.??"]
[Round "7"]
[White "Bini, Lorenzo"]
[Black "Zucconi, Leandro"]
[Result "1/2-1/2"]
[WhiteElo "2135"]
[BlackElo "2140"]
[PlyCount "55"]
[EventDate "1997.12.??"]
[EventType "team-tourn"]
[EventRounds "8"]
[EventCountry "ITA"]
[SourceTitle "EXT 2024"]
[Source "ChessBase"]
[SourceDate "2023.10.10"]
[SourceVersion "1"]
[SourceVersionDate "2023.10.10"]
[SourceQuality "1"]

1. b3 c5 2. g3 Nc6 3. Bg2 Nf6 4. Bb2 e6 5. Nf3 d5 6. 0-0 Be7 7. d4 0-0 8. Nbd2 cxd4 9. Nxd4 Nxd4 10. Bxd4 b6 11. Nc4 Bb7 12. Ne5 Rc8 13. c4 Rc7 14. e3 dxc4 15. Bxb7 Rxb7 16. Nxc4 Qd5 17. Be5 Rd7 18. Qxd5 Rxd5 19. Rad1 Rfd8 20. Rxd5 Rxd5 21. Bd4 Nd7 22. f4 g6 23. Rf2 Nc5 24. Rc2 Ne4 25. Kg2 Bc5 26. Bxc5 Rxc5 27. Kf3 Nd6 28. Na3 1/2-1/2

[Event "ITA-chT UISP 18th"]
[Site "Montecatini Terme"]
[Date "1997.12.??"]
[Round "4"]
[White "Zucconi, Leandro"]
[Black "Scacco, Mauro"]
[Result "1/2-1/2"]
[WhiteElo "2140"]
[BlackElo "2045"]
[PlyCount "69"]
[EventDate "1997.12.??"]
[EventType "team-tourn"]
[EventRounds "8"]
[EventCountry "ITA"]
[SourceTitle "EXT 2024"]
[Source "ChessBase"]
[SourceDate "2023.10.10"]
[SourceVersion "1"]
[SourceVersionDate "2023.10.10"]
[SourceQuality "1"]

1. d4 Nf6 2. Nf3 g6 3. g3 Bg7 4. Bg2 0-0 5. 0-0 d6 6. c4 Nc6 7. Nc3 e5 8. d5 Ne7 9. e4 Nh5 10. Ne1 a6 11. Nd3 c5 12. Kh1 f5 13. f4 fxe4 14. Nxe4 exf4 15. Nxf4 Nxf4 16. Bxf4 Nf5 17. Qd2 h5 18. Rae1 b6 19. Ng5 Nd4 20. Ne6 Bxe6 21. dxe6 Ra7 22. Bd5 Kh7 23. Bg5 Bf6 24. Qf4 Nf5 25. Bxf6 Qxf6 26. Re2 Re7 27. Ref2 Qd4 28. Qg5 Qf6 29. Qxf6 Rxf6 30. Kg1 b5 31. h3 Rexe6 32. Bxe6 Rxe6 33. cxb5 axb5 34. Kh2 Kg7 35. Rf3 1/2-1/2

[Event "Montecatini Terme op"]
[Site "Montecatini Terme"]
[Date "1997.08.13"]
[Round "5"]
[White "Zucconi, Leandro"]
[Black "Schaefer, Michael"]
[Result "1-0"]
[WhiteElo "2140"]
[BlackElo "2220"]
[PlyCount "101"]
[EventDate "1997.11.??"]
[EventType "swiss"]
[EventRounds "9"]
[EventCountry "ITA"]
[SourceTitle "EXT 1999"]
[Source "ChessBase"]
[SourceDate "1998.11.16"]
[SourceVersion "1"]
[SourceVersionDate "1998.11.16"]
[SourceQuality "1"]

1. d4 Nf6 2. Nf3 g6 3. g3 Bg7 4. Bg2 0-0 5. 0-0 d5 6. b3 c6 7. Bb2 a5 8. Nbd2 Nbd7 9. h3 Nb6 10. a4 Bf5 11. Ne5 Nfd7 12. e4 dxe4 13. Nxe4 Nxe5 14. dxe5 Qc7 15. f4 Nd5 16. Qe2 Rad8 17. Rad1 Nb4 18. Kh2 Rd5 19. c3 Rxd1 20. Rxd1 Nd5 21. c4 Nb4 22. Qd2 b5 23. axb5 cxb5 24. cxb5 Qb6 25. Bd4 Qxb5 26. Nc3 Qd3 27. Qxd3 Bxd3 28. Bc5 Bc2 29. Ra1 Bxb3 30. Rxa5 Nd3 31. Bxe7 Re8 32. Ra7 h6 33. Nd5 Rc8 34. Rc7 Rxc7 35. Nxc7 g5 36. Be4 Nf2 37. Bb1 gxf4 38. gxf4 Bc4 39. Kg3 Nd3 40. Ne8 Nc1 41. Kf2 Bf8 42. Nf6+ Kg7 43. Bxf8+ Kxf8 44. Ke1 Ne2 45. f5 Kg7 46. Ne8+ Kf8 47. Nd6 Ba6 48. Ba2 Ng3 49. Kf2 f6 50. Kxg3 fxe5 51. Bc4 1-0

[Event "ITA-chT UISP 17th"]
[Site "Montecatini Terme"]
[Date "1996.12.??"]
[Round "1"]
[White "Zucconi, Leandro"]
[Black "Rossi, Carlo"]
[Result "0-1"]
[WhiteElo "2140"]
[BlackElo "2320"]
[PlyCount "76"]
[EventDate "1996.12.??"]
[EventType "team-swiss"]
[EventRounds "8"]
[EventCountry "ITA"]
[SourceTitle "EXT 2024"]
[Source "ChessBase"]
[SourceDate "2023.10.10"]
[SourceVersion "1"]
[SourceVersionDate "2023.10.10"]
[SourceQuality "1"]

1. d4 Nc6 2. Nf3 d6 3. e4 Nf6 4. Nbd2 Bg4 5. c3 e6 6. Bd3 Be7 7. h3 Bh5 8. 0-0 d5 9. e5 Nd7 10. Re1 0-0 11. a3 a5 12. Qc2 Bg6 13. Bxg6 fxg6 14. c4 Nb6 15. c5 Nd7 16. Rb1 Rf4 17. Qd3 a4 18. Nf1 Rf8 19. Bd2 Rb8 20. b4 axb3 21. Rxb3 b6 22. cxb6 Nxb6 23. Ne3 Ra8 24. Rc1 Na5 25. Bxa5 Rxa5 26. Qc3 Qa8 27. Qc6 Kf7 28. Qxc7 Rc8 29. Ng5+ Ke8 30. Nxe6 Kf7 31. Ng5+ Kf8 32. Ne6+ Kg8 33. Rxb6 Rxc7 34. Rxc7 Ra7 35. Rxa7 Qxa7 36. Nxd5 Bxa3 37. Rc6 Qd7 38. Nc5 Qxd5 0-1

[Event "Imperia op 27th"]
[Site "Imperia"]
[Date "1985.09.06"]
[Round "7"]
[White "Zucconi, Leandro"]
[Black "Dell'Accio, Cataldo"]
[Result "0-1"]
[WhiteElo "1986"]
[BlackElo "2064"]
[PlyCount "82"]
[EventDate "1985.09.01"]
[EventType "swiss"]
[EventRounds "9"]
[EventCountry "ITA"]
[SourceTitle "EXT 2024"]
[Source "ChessBase"]
[SourceDate "2023.10.10"]
[SourceVersion "1"]
[SourceVersionDate "2023.10.10"]
[SourceQuality "1"]

1. d4 g6 2. c4 Bg7 3. Nc3 Nc6 4. Nf3 d6 5. d5 Na5 6. e4 c6 7. Be2 cxd5 8. cxd5 Bd7 9. 0-0 Rc8 10. Be3 a6 11. Bd4 Nf6 12. e5 dxe5 13. Nxe5 b5 14. Bf3 Nc4 15. Nxd7 Qxd7 16. Qe2 0-0 17. Rad1 Nd6 18. a3 Rc7 19. Rfe1 Rb8 20. Na2 a5 21. Nc1 Nfe8 22. Nb3 Nb7 23. Bb6 Rc4 24. Nxa5 Nxa5 25. Bxa5 Bf6 26. Rc1 Nd6 27. Rxc4 bxc4 28. Bb4 Qb5 29. g3 Rb7 30. Bg2 Kg7 31. h4 Qa4 32. Qd2 Qb3 33. Re2 Rc7 34. Qc2 Qa2 35. Kh2 Nb5 36. Qc1 c3 37. d6 exd6 38. Re8 cxb2 39. Qf4 b1Q 40. Bxd6 Nxd6 41. Qxd6 Re7 0-1

[Event "Imperia op 27th"]
[Site "Imperia"]
[Date "1985.09.02"]
[Round "2"]
[White "Sarno, Spartaco"]
[Black "Zucconi, Leandro"]
[Result "1-0"]
[WhiteElo "2168"]
[BlackElo "1986"]
[PlyCount "81"]
[EventDate "1985.09.01"]
[EventType "swiss"]
[EventRounds "9"]
[EventCountry "ITA"]
[SourceTitle "EXT 2024"]
[Source "ChessBase"]
[SourceDate "2023.10.10"]
[SourceVersion "1"]
[SourceVersionDate "2023.10.10"]
[SourceQuality "1"]

1. d4 d5 2. c4 e6 3. Nc3 Be7 4. Nf3 Nf6 5. Bg5 h6 6. Bxf6 Bxf6 7. e3 0-0 8. Qd2 c6 9. h4 Nd7 10. g4 Be7 11. 0-0-0 b5 12. cxb5 cxb5 13. Bxb5 Qa5 14. Bxd7 Bxd7 15. Ne5 Be8 16. Nd3 f6 17. Kb1 Bg6 18. h5 Bh7 19. Ka1 Rab8 20. Nf4 Qa6 21. Qe2 Qb6 22. Rc1 Rfc8 23. Na4 Qa5 24. Nc5 Bxc5 25. Rxc5 Rxc5 26. dxc5 Qxc5 27. Nxe6 Qb4 28. Rd1 Rc8 29. Nd4 Rc4 30. a3 Qc5 31. Ka2 a5 32. b3 Rc3 33. Kb2 a4 34. b4 Qc8 35. Qd2 Rc4 36. f3 Qc7 37. Rc1 Qc8 38. Rxc4 Qxc4 39. Qc3 Qa6 40. b5 Qb7 41. Qc6 1-0

[Event "Imperia op 27th"]
[Site "Imperia"]
[Date "1985.09.01"]
[Round "1"]
[White "Zucconi, Leandro"]
[Black "Wagman, Stuart"]
[Result "1/2-1/2"]
[WhiteElo "1986"]
[BlackElo "2220"]
[PlyCount "42"]
[EventDate "1985.09.01"]
[EventType "swiss"]
[EventRounds "9"]
[EventCountry "ITA"]
[SourceTitle "EXT 2024"]
[Source "ChessBase"]
[SourceDate "2023.10.10"]
[SourceVersion "1"]
[SourceVersionDate "2023.10.10"]
[SourceQuality "1"]

1. d4 d5 2. Nf3 Nf6 3. c4 e6 4. Nc3 Be7 5. cxd5 exd5 6. Bg5 c6 7. e3 Bf5 8. Bd3 Bxd3 9. Qxd3 Nbd7 10. 0-0 0-0 11. Rab1 a5 12. Bxf6 Nxf6 13. a3 Bd6 14. Rbe1 Re8 15. e4 dxe4 16. Nxe4 Nxe4 17. Rxe4 Rxe4 18. Qxe4 Qe7 19. Qb1 g6 20. Re1 Qf6 21. Re2 Rd8 1/2-1/2